Εφάπαξ
Ο Παντελής, πρώην υπάλληλος στα απορριμματοφόρα, το σκάει με το εφάπαξ από το σπίτι του και φεύγει για ντόλτσε βίτα στα νησιά του Αιγαίου. Στο κατόπι του βρίσκονται η γυναίκα και η μέγαιρα πεθερά του, αλλά και μια καλόκαρδη πόρνη που είναι ερωτευμένη μαζί του....
Αποθηκεύτηκε σε:
| Άλλοι συγγραφείς: | , , , , , , , , , |
|---|---|
| Μορφή: | |
| Γλώσσα: | Greek |
| Δημοσίευση: |
Αθήνα :
Odeon [Εταιρεία διανομής],
[2001]
|
| Θέματα: | |
| Ετικέτες: |
Προσθήκη ετικέτας
Δεν υπάρχουν, Καταχωρήστε ετικέτα πρώτοι!
|
MARC
| LEADER | 00000cgm a2200000 i 4500 | ||
|---|---|---|---|
| 001 | 1/4547 | ||
| 008 | 100217s2001 gr ||| | || ||gre|| | ||
| 035 | |l 10106819 | ||
| 040 | |a GR-MyUa |b gre |e AACR2 | ||
| 041 | 0 | |a gre | |
| 082 | 7 | |a 791.437 |2 (22) | |
| 245 | 0 | 0 | |a Εφάπαξ |h [μαγνητοσκόπηση] / |c sενάριο-σκηνοθεσία: Νίκος Ζαπατίνας. |
| 260 | |a Αθήνα : |b Odeon [Εταιρεία διανομής], |c [2001] | ||
| 300 | |a 1 βιντεοδίσκος (116 λεπτ.) : |b ομίλ., έγχρ. ; |c 4 3/4 ίν. | ||
| 500 | |a Κυκλοφόρησε πρώτη φορά ως κινηματογραφική ταινία το 2001. | ||
| 508 | |a Μουσική, Λαυρέντης Μαχαιρίτσας ; παραγωγοί, Αναστάσιος Βασιλείου, Διονύσης Σαμιώτης ; διεύθυνση φωτογραφίας, Αργύρης Θεός ; μοντάζ, Γιώργος Τριανταφύλλου. | ||
| 511 | 0 | |a Πέτρος Φιλιππίδης, Εβελίνα Παπούλια, Μαρία Μαρτίκα, Βασίλης Χαλακατεβάκης, Ματθίλδη Μαγγίρα, Ασπασία Τζιτζικάκη, Σύλβια Βενιζελέα, Αφροδίτη Αλ Σαλέχ, Τάνια Καψάλη. | |
| 520 | 8 | |a Ο Παντελής, πρώην υπάλληλος στα απορριμματοφόρα, το σκάει με το εφάπαξ από το σπίτι του και φεύγει για ντόλτσε βίτα στα νησιά του Αιγαίου. Στο κατόπι του βρίσκονται η γυναίκα και η μέγαιρα πεθερά του, αλλά και μια καλόκαρδη πόρνη που είναι ερωτευμένη μαζί του. | |
| 650 | 0 | |a Retirement |v Drama. | |
| 655 | 7 | |a Feature films |2 lcgft | |
| 700 | 1 | |a Ζαπατίνας, Νίκος, |d 1945- |e aus |e drt | |
| 700 | 1 | |a Φιλιππίδης, Πέτρος, |e act | |
| 700 | 1 | |a Παπούλια, Εβελίνα, |e act | |
| 700 | 1 | |a Μαρτίκα, Μαρία, |e act | |
| 700 | 1 | |a Χαλακατεβάκης, Βασίλης, |e act | |
| 700 | 1 | |a Μαγγίρα, Ματθίλδη, |e act | |
| 700 | 1 | |a Τζιτζικάκη, Ασπασία, |e act | |
| 700 | 1 | |a Βενιζελέα, Σύλβια, |e act | |
| 700 | 1 | |a Αλ Σάλεχ, Αφροδίτη, |d 1972- |e act | |
| 700 | 1 | |a Καψάλη, Τάνια, |e act | |
| 852 | |a INST |b SYROS |c AV |e 20100217 |h 791.437 ΖΑΠ |p 005500007846 |q 005500007846 |t DVD |y 23 | ||
| 901 | |a BIBL5-2008-1 | ||
| 922 | |a 5ΕΛΗ |b 200709 |c Βιβλιοθήκη Σύρου |d Anaco | ||
| 970 | |a Κοντού |b Παρασκευή |z 17/02/2010 | ||